1523 1613 1307 1102 1911 1962 1182 1322 1888 1440 1665 1565 1913 1821 1819 1667 1542 1573 1328 1636 1422 1842 1258 1690 1607 1417 1899 1570 1263 1841 1317 1424 1789 1709 1672 1354 1942 1698 1361 1345 1518 1240 1745 1227 1200 1091 1576 1377 1513 1481 1429 1278 1032 1570 1364 1361 1678 1298 1412 1431 1593 1129 1038 1534 1592 1736 1850 1391 1991 1275 1877 1237 1238 1978 1059 1262 1932 1821 1899 1522 1369 1512 1272 1101 1866 1618 1013 1296 1389 1902 1684 1100 1557 1586 1276 1947 1366 1865 1363 BCNSPRNW ULIB Ver.6.0+V

เปลี่ยนเป็นภาษาไทย

Change to English
 แสดงรายละเอียดบรรณานุกรม
  กลับหน้าหลัก

Brief Record : Get Marc (ISO 2709) : E-mail record : QR code < ปิดหน้าต่าง
LEADER : 00000nam 2200000uu 4500
001    13399114697
003     ULIB
008    110920s2554||||th 000 0 tha d
099    ^aวจ.WD210^bน197ก
100 0  นฤมล ตรีเพชรศรีอุไร
245 00 รายงานการวิจัย การพัฒนาเครื่องมือวัดความฉลาดทางสุขภาพเกี่ยวกับโรคอ้วนของนักเรียนระดับมัธยมศึกษาปีที่ 3 /^cนฤมล ตรีเพชรศรีอุไร และ เดช เกตุฉ่ำ
260    [นนทบุรี] :^bกองสุขศึกษา,^c2554
300    110 หน้า
650  7 โรคอ้วน^xเด็ก^xวิจัย
700 0  เดช เกตุฉ่ำ
710 2  กระทรวงสาธารณสุข^bกรมสนับสนุนบริการสุขภาพ^bกองสุขศึกษา
945    ^p0^l0^i031711
945    ^p0^l0^i031712
995    ทศพร
999 ^a ใช้งานได้ทุกระบบ
รายการนี้ยังไม่มีแท็ก
คุณยังไม่ได้ล็อกอิน คุณสามารถมีกิจกรรมร่วมกับเว็บไซต์ได้ แต่ต้องล็อกอินก่อน ::
  ล็อกอิน

รายการสื่อสารสนเทศ

ลำดับที่ ประเภท เลขเรียก/บาร์โค้ด สถานที่ สถานะ
1. งานวิจัย
งานวิจัย
วจ.WD210 น197ก ฉ.1 
  Barcode: 031711
ห้องสมุดวิทยาเขตสวรรค์ประชารักษ์
►วิจัย
บนชั้น
2. งานวิจัย
งานวิจัย
วจ.WD210 น197ก ฉ.2 
  Barcode: 031712
ห้องสมุดวิทยาเขตสวรรค์ประชารักษ์
►วิจัย
บนชั้น

รายการใกล้เคียง
    ผู้แต่ง [นฤมล ตรีเพชรศรีอุไร]

BibComment


ยังไม่เคยถูกคอมเมนท์

คอมเมนท์ทรัพยากรรายการนี้
  คอมเมนท์: รายงานการวิจัย กา..


 Copyright 2026. Bcnsprnw @Library